000 00509nam a2200181Ia 4500
008 240925s9999 xx 000 0 und d
020 _a9789332519053
082 _a519.5 MIL
100 _aMiller, Irwin
245 0 _aJohn E. Freund's Mathematical Statistics with Applications
250 _a8th
260 _aNew Delhi:
_bPearson Education
_c,2014.
300 _axxxvii, 602p.
_b0
_fOriginal
500 _aIncludes Index
600 _aHumanities & Natural Science
650 _aMathematics
942 _cBK
999 _c17036
_d17036